00814nam a2200193 a 450000100100000000500170001000800410002704000250006808200170009324500840011026000640019430000300025850000430028850001070033170000350043804900090047395201210048299900170060300002336920200930022153.0101203s1993 pr c r 000 0 spa d aDO-SdBNPbspacBNPHU axxxxxbG887t00aRicardo Grullón :bTestimonio de recordación /cedición Raquel Sárraga. aSan Juan, Puerto Rico :bUniversidad de Puerto Rico,c1993. a63 p. :bretrs. ;c15 cm. aIncluye notas al pie de las páginas. aHomenaje póstumo a Ricardo Grullón 10 de abril de 1991 en la sala Zenobia y Juan Ramón Jiménez1 aSárraga, Raquel,eed.948139 aBNGR 001054708MOaGRbGRcCTd2010-12-03iLF1l0oxxxxx G887tp23369-10r2020-06-25w2020-06-25y4ZPréstamo en sala c22866d22866